000 00705nam a2200205Ia 4500
005 20260121110348.0
008 008 260114s9999 xx 000 0 hin d
020 _a9788132349471
037 _aEBOOK
040 _aCRL
_bhin
_cCRL
041 _ahin
_2hin
084 _qCRL
100 _aगोपाल त्यागी / Pankaj Rana
_9945240
245 0 _aशारीरिक शिक्षा में आहार व्यवस्था / Sharirik shiksha mein aahaar vyavastha
260 _bभाषा प्रकाशन / Bhasha Prakashan
_c2020
856 _uhttps://bhashaprakashan.com/product-details/378199
942 _cEBOOK
999 _c1536904
_d1536904